UBT Library

ABSTRACT EXPRESSIONISM (Record no. 59089)

000 -LEADER
fixed length control field 00315nam a22001457a 4500
008 - FIXED-LENGTH DATA ELEMENTS--GENERAL INFORMATION
fixed length control field 221205b ||||| |||| 00| 0 eng d
020 ## - INTERNATIONAL STANDARD BOOK NUMBER
International Standard Book Number 1930416482
041 ## - LANGUAGE CODE
Language code of text/sound track or separate title eng
080 ## - UNIVERSAL DECIMAL CLASSIFICATION NUMBER
Universal Decimal Classification number 72
082 ## - DEWEY DECIMAL CLASSIFICATION NUMBER
Classification number 72ROSE
100 ## - Rafti
Rafti 19.1
101 ## - Shkurtesa
Shkurtesa ARKI
245 ## - TITLE STATEMENT
Title ABSTRACT EXPRESSIONISM
Statement of responsibility, etc ROSENFELD M
942 ## - ADDED ENTRY ELEMENTS (KOHA)
Source of classification or shelving scheme
Item type Books
Holdings
Withdrawn status Lost status Source of classification or shelving scheme Damaged status Not for loan Collection code Permanent location Current location Date acquired Total Checkouts Full call number Barcode Date last seen Price effective from Koha item type
          Koleksioni i përgjithshem UBT - Lipjan UBT - Lipjan 12/05/2022   72ROSE 002-800028700260965 12/05/2022 12/05/2022 Books
          Koleksioni i përgjithshem UBT - Lipjan UBT - Lipjan 12/05/2022   72ROSE 002-800028700260967 12/05/2022 12/05/2022 Books
          Koleksioni i përgjithshem UBT - Lipjan UBT - Lipjan 12/05/2022   72ROSE 002-800028700260968 12/05/2022 12/05/2022 Books
          Koleksioni i përgjithshem UBT - Lipjan UBT - Lipjan 12/05/2022   72ROSE 002-800028700260969 12/05/2022 12/05/2022 Books
          Koleksioni i përgjithshem UBT - Lipjan UBT - Lipjan 12/05/2022   72ROSE 002-800028700260970 12/05/2022 12/05/2022 Books
UBT Library © 2015-2024. All rights reserved University Education for Business and Technology